Villes françaises pour compléter des phrases - Statistiques

Statistiques générales
  • Ce quiz a été pris 73 fois
  • Le résultat moyen est 6 sur 15
Statistiques - réponses
Hint Réponse % Correct
Ce livre fut écrit par ... Pagnol. Marseille
86%
Le Père-Noël tire son traineau grâce à des ... Rennes
82%
Dans un zoo, on peut généralement voir des tigres et des ... Lyon
80%
Après s'être lavé les dents, on se ... la bouche. Reims
74%
Dans certains jeux de société, on ... un dé pour jouer. Lens
71%
Je fais le ... de la question. Tours
62%
Je ... que je vais gagner cette manche ! Paris
48%
Pour cuire des aliments dans la nature, on fait un feu de ... Caen
47%
J'ai bien mangé ce midi, je suis bien ... pour la journée ! Calais
23%
Quand on est un bon pirate, on ... son trésor. Nanterre
21%
Quand le dos est creusé, on dit qu'il est ... Cambrai
14%
Il existes différentes ... comme par exemple celle de la laïcité. Chartres
12%
... de 5 par la fonction f(x) = 2x vaut 10. Limoges
8%
"Mais qu'est-ce qu'on a fait au ... ?" Bondues
5%
Quand on a trainé dehors, on a ... les rues Cholet
2%
Aucun quiz correspondant
Distribution des résultats
% des personnes avec chaque résultat
Percentile par nombre de réponses
Votre historique - résultats
Vous n’avez pas pris ce quiz